Annual report, 1989-91 (Record no. 507829)

000 -LEADER
fixed length control field 00526cam a22001577a 4500
008 - FIXED-LENGTH DATA ELEMENTS--GENERAL INFORMATION
fixed length control field 180718b-- xxu||||| |||| 00| 0 eng d
082 ## - DEWEY DECIMAL CLASSIFICATION NUMBER
Classification number A45:O
100 ## - MAIN ENTRY--PERSONAL NAME
Personal name India. Ministry of Health and Family Welfare. Department of Health and Family Welfare
9 (RLIN) 2589
245 ## - TITLE STATEMENT
Title Annual report, 1989-91
260 ## - PUBLICATION, DISTRIBUTION, ETC. (IMPRINT)
Place of publication, distribution, etc New Delhi
Name of publisher, distributor, etc Government of India
300 ## - PHYSICAL DESCRIPTION
Extent v.p.
500 ## - GENERAL NOTE
General note Library has 1958/59-1966/67,1970/71-2009/10
650 ## - SUBJECT ADDED ENTRY--TOPICAL TERM
Topical term or geographic name as entry element Family - Health and hygiene - India
9 (RLIN) 2590
650 ## - SUBJECT ADDED ENTRY--TOPICAL TERM
Topical term or geographic name as entry element Public health - India
9 (RLIN) 2591
942 ## - ADDED ENTRY ELEMENTS (KOHA)
Source of classification or shelving scheme
Holdings
Withdrawn status Lost status Source of classification or shelving scheme Damaged status Koha normalized classification for sorting Not for loan Permanent location Current location Date acquired Full call number Barcode Date last seen Price effective from Koha item type
        A_45O   Indian Institute of Public Administration Indian Institute of Public Administration 2019-02-26 A45:O GG34267 2019-02-26 2019-02-26 GG

Powered by Koha